Common bonds : stories by and about modern Texas women /

Bibliographic Details
Other Authors: Comer, Suzanne
Format: Book
Language:English
Published: Dallas : Southern Methodist University Press, 1990.
Edition:1st ed.
Series:Southwest life and letters.
Subjects:

MARC

Tag First Indicator Second Indicator Subfields
LEADER 00000cam a22000008a 4500
001 in00000921321
005 20190207095152.0
008 880926s1990 txu 00001 eng
010 |a  88043251  
020 |a 0870742876 :  |c $22.50 
020 |a 0870742884 (pbk.) :  |c $10.95 
035 |a (OCoLC)19850139 
035 |9 AEP6063AM 
040 |a DLC  |c DLC  |d TXA  |d UtOrBLW 
043 |a n-us-tx 
049 |a TXAM  |c 1 [A13327735]  |a TXAS [txas]  |c 2 
050 0 0 |a PS558.T4  |b C65 1990 
082 0 0 |a 813/.0108352042  |2 20 
245 0 0 |a Common bonds :  |b stories by and about modern Texas women /  |c edited by Suzanne Comer. 
250 |a 1st ed. 
264 1 |a Dallas :  |b Southern Methodist University Press,  |c 1990. 
300 |a xx, 340 pages ;  |c 24 cm. 
336 |a text  |b txt  |2 rdacontent 
337 |a unmediated  |b n  |2 rdamedia 
338 |a volume  |b nc  |2 rdacarrier 
490 1 |a Southwest life and letters 
500 |a The Cushing Library/Chapman Texas Collection copy is part of the Floyd & Louise Chapman Texas & Borderlands Collection.  |5 TXA 
536 |a From the Library of Harrison T. Meserole, 2002. 
650 0 |a Short stories, American  |z Texas. 
650 0 |a American fiction  |x Women authors. 
651 0 |a Texas  |v Fiction. 
650 0 |a Women  |v Fiction. 
700 1 |a Comer, Suzanne. 
830 0 |a Southwest life and letters. 
999 |a MARS 
999 f f |s 1be93516-257a-311c-a169-e5cc2c87cd51  |i d0bd8159-6706-3a07-872f-5a4c142a503c  |t 0 
952 f f |p noncirc  |a Texas A&M University  |b College Station  |c Cushing Memorial Library & Archives  |d Cushing: Chapman Texas Collection (Does not check out)  |t 0  |e PS558.T4 C65 1990  |h Library of Congress classification  |i unmediated -- volume 
952 f f |p ric  |a Texas A&M University  |b Rellis Campus  |c Joint Library Facility  |d Remote Storage  |t 0  |e PS558.T4 C65 1990  |h Library of Congress classification  |i unmediated -- volume  |m A14829968905 
998 f f |a PS558.T4 C65 1990  |t 0  |l Cushing: Chapman Texas Collection (Does not check out) 
998 f f |a PS558.T4 C65 1990  |t 0  |l Remote Storage